000 00459nam a22001817a 4500
005 20260529125948.0
008 260529b |||||||| |||| 00| 0 eng d
020 _a9789355017086
_c595.00
040 _aMAIN
041 _aEnglish
082 _a320.95407
_bSHI
100 _ashivhare, Nitin
_926932
245 _aIndian Polity And Governance
260 _aUttar Pradesh
_bS. Chand
_c2023
300 _aV.P.
650 _aCompetitive Books
942 _cBK
999 _c60911
_d60911